Catálogo
 En Linea

Bodas de plata sacerdotales de Monseñor Bello Peguero. (Registro nro. 30797)

Detalles MARC
000 -CABECERA
campo de control de longitud fija 00641nam a2200157 a 4500
001 - NÚMERO DE CONTROL
campo de control 000031305
005 - FECHA Y HORA DE LA ÚLTIMA TRANSACCIÓN
campo de control 20200930062834.0
008 - DATOS DE LONGITUD FIJA--INFORMACIÓN GENERAL
campo de control de longitud fija 110617s2002 dr 000 0 spa d
040 ## - FUENTE DE LA CATALOGACIÓN
Centro catalogador/agencia de origen DO-SdBNP
Lengua de catalogación spa
Centro/agencia transcriptor BNPHU
082 ## - NÚMERO DE LA CLASIFICACIÓN DECIMAL DEWEY
Número de clasificación xxxx
Número de documento/Ítem B666
049 ## - FONDOS LOCALES (OCLC)
Fondos de biblioteca BNPD
245 00 - MENCIÓN DE TÍTULO
Título Bodas de plata sacerdotales de Monseñor Bello Peguero.
260 ## - PUBLICACIÓN, DISTRIBUCIÓN, ETC.
Lugar de publicación, distribución, etc. Santo Domingo :
Nombre del editor, distribuidor, etc. Amigo del Hogar,
Fecha de publicación, distribución, etc. 2002.
300 ## - DESCRIPCIÓN FÍSICA
Extensión 71 p ;
Dimensiones 24 cm.
500 ## - NOTA GENERAL
Nota general Fray Vicente Rubio O. P., Mons. Ramón De la Rosa y Carpio, Mons. Antonio Camilo, María Cristina de Farías, Iván García, Arquitecto Eugenio Pérz Montás, Fco. José Arnaiz, S.J., Nicolás de Jesús López Rodríguez
Existencias
Estado de retiro Estado de pérdida No para préstamo Código de colección Localización permanente Ubicación/localización actual Ubicación en estantería Fecha de adquisición Número de inventario Total de préstamos Signatura topográfica completa Código de barras Fecha visto por última vez Precio válido a partir de Tipo de ítem Koha
    Excluido de préstamo Patrimonio Dominicano Patrimonio Dominicano Patrimonio Dominicano En catalogación 17.06.2011 LF1   xxxx B666 31305-10 25.06.2020 25.06.2020 Libro y Folleto Colección Patrimonio Dominicano

Con tecnología Koha